Loading...
| Thought - Philosophy | 5 | 1 | 0 | 0 | 85 | 42 | 61.50 | 4 | 6 |
| Literature - British Lit | 3 | 3 | 0 | 1 | 75 | 54 | 96.83 | 2 | 6 |
| Literature - American Lit | 1 | 6 | 1 | 0 | 70 | 68 | 105.43 | 4 | 7 |
| Literature - World Lit | 1 | 4 | 0 | 1 | 55 | 69 | 88.00 | 2 | 5 |
| Literature - Euro Lit | 1 | 4 | 0 | 0 | 55 | 60 | 94.80 | 0 | 5 |
| Arts - Other Arts | 1 | 4 | 1 | 0 | 50 | 58 | 80.40 | 3 | 5 |
| Science - Physics | 1 | 2 | 0 | 2 | 35 | 62 | 109.67 | 1 | 3 |
| Other - Pop Culture | 2 | 1 | 1 | 0 | 35 | 25 | 56.67 | 3 | 3 |
| Other - Other Academic | 0 | 3 | 1 | 1 | 25 | 80 | 117.00 | 0 | 3 |
| Science - Biology | 0 | 2 | 0 | 1 | 20 | 91 | 106.00 | 2 | 2 |
| Science - Chemistry | 0 | 2 | 0 | 0 | 20 | 117 | 118.50 | 2 | 2 |
| Beliefs - Mythology | 0 | 2 | 0 | 1 | 20 | 114 | 127.00 | 0 | 2 |
| Science - Other Science | 1 | 0 | 1 | 0 | 10 | 62 | 62.00 | 1 | 1 |
| History - Euro History | 0 | 1 | 0 | 0 | 10 | 110 | 110.00 | 0 | 1 |
| Beliefs - Religion | 0 | 1 | 0 | 0 | 10 | 102 | 102.00 | 1 | 1 |
| Thought - Social Science | 0 | 1 | 1 | 0 | 5 | 67 | 67.00 | 1 | 1 |